000 00245nam a2200097Ia 4500
005 20251222114355.0
008 251222s1900||||xx |||||||||||||| ||spa||
082 _aDVD0040/H31/2001/Ej.2
245 0 _aHarry Potter y la piedra filosofal:
942 _cDVD
999 _c1391
_d1391